1337 1419 1252 1751 1600 1134 1295 1253 1601 1717 1538 1647 1543 1989 1782 1187 1293 1537 1510 1342 1077 1064 1520 1328 1952 1530 1269 1493 1358 1764 1348 1258 1556 1187 1082 1176 1006 1531 1557 1647 1904 1999 1354 1985 1972 1852 1698 1962 1906 1320 1678 1146 1736 1210 1536 1803 1033 1612 1291 1100 1343 1583 1062 1295 1693 1956 1111 1055 1779 1140 1121 1754 1744 1543 1961 1298 1595 1345 1425 1625 1255 1488 1682 1214 1809 1775 1298 1085 1894 1077 1272 1158 1256 1525 1144 1799 1730 1767 1830 BCNSPRNW ULIB Ver.6.0+V

เปลี่ยนเป็นภาษาไทย

Change to English
 แสดงรายละเอียดบรรณานุกรม
  กลับหน้าหลัก

Brief Record : Get Marc (ISO 2709) : E-mail record : QR code < ปิดหน้าต่าง
LEADER : 00000nam 2200000uu 4500
001    13399110416
003     ULIB
008    110526s2007||||th 000 0 eng d
020    1416028854
060 04 QT104^bH549h 2007
100 1  Herlihy, Barbara
245 10 The human body in health and illness /^cBarbara Herlihy,Nancy K. Maebius ; illustrated by Caitlin Duckwall
250    3rd ed.
260    Philadelphia :^bSaunders,^c2007
300    xix, 537 p. :^bcol. ill. ;^c28 cm. +^e1 computer laseroptical disk (4 3/4 in.)
650  2 Physiology
650  2 Pathology
700 1  Maebius, Nancy K.
945    ^p0^l0^i18166
995    Kesorn
999 ^a ใช้งานได้ทุกระบบ
รายการนี้ยังไม่มีแท็ก
คุณยังไม่ได้ล็อกอิน คุณสามารถมีกิจกรรมร่วมกับเว็บไซต์ได้ แต่ต้องล็อกอินก่อน ::
  ล็อกอิน

รายการสื่อสารสนเทศ

ลำดับที่ ประเภท เลขเรียก/บาร์โค้ด สถานที่ สถานะ
1. วิทยาศาสตร์การแพทย์ และสุขภาพ
วิทยาศาสตร์การแพทย์ และสุขภาพ
QT104 H549h 2007  
  Barcode: 18166
ห้องสมุดวิทยาเขตสวรรค์ประชารักษ์
►นวนิยาย
บนชั้น
  ขอยืม

รายการใกล้เคียง
    ผู้แต่ง [Herlihy, Barbara]

    หัวเรื่อง [Physiology]
    หัวเรื่อง [Pathology]

BibComment


ยังไม่เคยถูกคอมเมนท์

คอมเมนท์ทรัพยากรรายการนี้
  คอมเมนท์: The human body in..


 Copyright 2026. Bcnsprnw @Library